Running into God (Record no. 17589)

MARC details
000 -LEADER
fixed length control field 00572nam a2200229 a 4500
020 ## - INTERNATIONAL STANDARD BOOK NUMBER
ISBN 9780281056958
082 00 - DEWEY DECIMAL CLASSIFICATION NUMBER
Classification number 248.4
Author Cutter TOM
100 ## - MAIN ENTRY--AUTHOR NAME
Author name Tomilson, Dave
245 ## - TITLE STATEMENT
Title Running into God
Sub title Reflections for Ordinary Days
260 ## - PUBLICATION, DISTRIBUTION, ETC. (IMPRINT)
Place of publication London
Name of publisher SPCK
Year of publication 2004
300 ## - PHYSICAL DESCRIPTION
Number of Pages 114p
500 ## - GENERAL NOTE
General note includes index and biblioraphy
650 ## - SUBJECT ADDED ENTRY--TOPICAL TERM
Topical Term Christian-Life
942 ## - ADDED ENTRY ELEMENTS (KOHA)
Koha item type Books
700 1# -
-- Tomilson, Dave
Holdings
Collection code Home library Current library Date acquired Cost, normal purchase price Full call number Accession Number Koha item type
  Henry Martyn Institute Library Henry Martyn Institute Library 02/09/2010 100.00 248.4 TOM 11002150 Books
                   Copyright © 2026 | Henry Martyn Institute | Hyderabad | TS-500052 | INDIA | Implemented by hmi.edu.in
Hit-Count:

Powered by Koha